| 000 | 00352 a2200109 4500 | ||
|---|---|---|---|
| 999 |
_c13253 _d13253 |
||
| 008 | 250417b ||||| |||| 00| 0 eng d | ||
| 020 | _a9781631599255 | ||
| 100 | _aStephen Westland | ||
| 245 | _aUniversal Principles of Color: 100 Key Concepts for Understanding, Analyzing, and Working with Color | ||
| 260 |
_bRockport Publishers _c2023 |
||
| 942 | _2ddc | ||